000 00475nam a2200169Ia 4500
003 GCL
008 140319s9999 xx 000 0 ara d
040 _aGCL /
_cGCL
082 0 4 _a310
_bا ا
100 1 _aاحمد عباده سرحان
245 1 0 _aالاحصاء البيولوجى /
_cاحمد عباده سرحان
260 _a[S.N] :
_bدائرة الاعلام ،
_c1981
300 _a240 ص
490 _a
650 0 4 _aعلم الاحصاء
942 _2ddc
_cBK
999 _c53686
_d53686